000 00500nam a2200193Ia 4500
005 20140402112055.0
008 140130s9999 xx 000 0 und d
020 _a0590494392
050 _aGV 697.O9
_b.Ad65 1993
100 _aAdler, David A.
_923317
245 _cDavid A. Adler.
_aA picture of Jesse Owens /
260 _bScholastic,
_c1993.
_aUSA :
300 _a40 p. :
_bcol. ill. ;
_c24 cm.
440 _v1
_931174
521 _aG8
526 _c930
942 _cBK
_2lcc
999 _c41283
_d41283